Meeting the demands of the IELTS speaking tests: An investigation into learners' accuracy, fluency and complexity : Luận văn thạc sĩ khoa học giáo dục chuyên ngành lí luận và phương pháp dạy học Tiếng Anh

Đề tài được thực hiện để tìm hiểu và kiểm chứng khả năng nói ngôn ngữ của người học IELTS và các trở ngại khó khăn là rào cản đối với người học cũng như khả năng nói của họ, những trở ngại này có liên quan đến tính chính xác, tính...

全面介紹

Đã lưu trong:
書目詳細資料
主要作者: Võ, Hồng Dũng
格式: 圖書
語言:Undetermined
出版: Cần Thơ Trường Đại học Cần Thơ 2011
主題:
標簽: 添加標簽
沒有標簽, 成為第一個標記此記錄!
Thư viện lưu trữ: Trung tâm Học liệu Trường Đại học Cần Thơ
LEADER 01463nam a2200229Ia 4500
001 CTU_171613
008 210402s9999 xx 000 0 und d
082 |a 428.0071 
082 |b D513 
088 |a 60140111 
100 |a Võ, Hồng Dũng 
245 0 |a Meeting the demands of the IELTS speaking tests: An investigation into learners' accuracy, fluency and complexity : 
245 0 |b Luận văn thạc sĩ khoa học giáo dục chuyên ngành lí luận và phương pháp dạy học Tiếng Anh 
245 0 |c Võ Hồng Dũng ; Trịnh Quốc Lập (Hướng dẫn khoa học) 
260 |a Cần Thơ 
260 |b Trường Đại học Cần Thơ 
260 |c 2011 
520 |a Đề tài được thực hiện để tìm hiểu và kiểm chứng khả năng nói ngôn ngữ của người học IELTS và các trở ngại khó khăn là rào cản đối với người học cũng như khả năng nói của họ, những trở ngại này có liên quan đến tính chính xác, tính lưu loát và tính đa dạng về vốn từ ngữ trong giao tiếp của ngôn ngữ nói. 
650 |a English language,Tiếng Anh 
650 |x Study and teaching,Foreign speakers,Người học ngoại ngữ,Dạy và học 
904 |i Giàu, Hải 
980 |a Trung tâm Học liệu Trường Đại học Cần Thơ